LEADER 01038nam0-22002771i-450- 001 990000048890403321 035 $a000004889 035 $aFED01000004889 035 $a(Aleph)000004889FED01 035 $a000004889 100 $a20011111d--------km-y0itay50------ba 101 0 $aita 105 $ay-------001yy 200 1 $aRelazione sui lavori svolti dall' amministrazione del catasto e dei servizi tecnici erariali durante l'eserciziofinanziari 1963$f64 e 1. luglio - 31 dicembre 1964 210 $aRoma$cIstituto poligrafico dello Stato$d1966 215 $a206 p.$cill., 4 tav.f.t.$d35 cm 676 $a333.3 710 02$aItalia.$bDirezione generale del catasto e dei servizi tecnici erariali$03444 801 0$aIT$bUNINA$gRICA$2UNIMARC 901 $aBK 912 $a990000048890403321 952 $a13 K 37 22$b26429$fFINBC 959 $aFINBC 996 $aRelazione sui lavori svolti dall' amministrazione del catasto e dei servizi tecnici erariali durante l'eserciziofinanziari 1963$9112319 997 $aUNINA DB $aING01 LEADER 02942oas 2201261 a 450 001 9910137794503321 005 20260127110239.0 011 $a1360-0443 035 $a(DE-599)ZDB2002997-4 035 $a(OCoLC)37914840 035 $a(CONSER) 00238783 035 $a(CKB)954925273450 035 $a(DE-599)2002997-4 035 $a(EXLCZ)99954925273450 100 $a19971110a19939999 sy 101 0 $aeng 135 $aurmnu|||||||| 181 $ctxt$2rdacontent 182 $cc$2rdamedia 183 $acr$2rdacarrier 200 10$aAddiction 210 $a[Oxford] $cBlackwell Pub.$d<1995-> 215 $a1 online resource 300 $aRefereed/Peer-reviewed 311 08$a0965-2140 606 $aAlcoholism$vPeriodicals 606 $aDrug addiction$vPeriodicals 606 $aSubstance-Related Disorders 606 $aTobacco Use Disorder 606 $aAlcoolisme$vPe?riodiques 606 $aToxicomanie$vPe?riodiques 606 $aToxicomanie 606 $aTabagisme 606 $aSubstance Abuse & Addiction$2ebps 606 $aAlcoholism$2fast$3(OCoLC)fst00804461 606 $aDrug addiction$2fast$3(OCoLC)fst01430217 608 $aPeriodical. 608 $aperiodicals.$2aat 608 $aPeriodicals.$2fast 608 $aPeriodicals.$2lcgft 608 $aPe?riodiques.$2rvmgf 615 0$aAlcoholism 615 0$aDrug addiction 615 2$aSubstance-Related Disorders. 615 2$aTobacco Use Disorder. 615 6$aAlcoolisme 615 6$aToxicomanie 615 6$aToxicomanie. 615 6$aTabagisme. 615 7$aSubstance Abuse & Addiction. 615 7$aAlcoholism. 615 7$aDrug addiction. 676 $a362.29 712 02$aSociety for the Study of Addiction to Alcohol and Other Drugs, 801 0$bF#A 801 1$bF#A 801 2$bOCL 801 2$bIUL 801 2$bEYM 801 2$bMXC 801 2$bOCLCQ 801 2$bGUA 801 2$bOCLCQ 801 2$bFQM 801 2$bMYG 801 2$bOCLCQ 801 2$bOCL 801 2$bMUQ 801 2$bUBY 801 2$bOCLCQ 801 2$bOCLCO 801 2$bOCLCQ 801 2$bOCLCF 801 2$bOCLCO 801 2$bOCLCQ 801 2$bNLGGC 801 2$bOCLCQ 801 2$bOCLCO 801 2$bOCLCQ 801 2$bAUSSH 801 2$bZ5A 801 2$bOCLCO 801 2$bWT2 801 2$bOCLCQ 801 2$bBUF 801 2$bOCLCQ 801 2$bTOF 801 2$bWYU 801 2$bUKMGB 801 2$bVT2 801 2$bOCLCQ 801 2$bU3W 801 2$bOCLCO 801 2$bNJT 801 2$bOCLCQ 801 2$bOCLCO 801 2$bOCLCA 801 2$bSRU 801 2$bOCLCO 801 2$bUBY 801 2$bOCLCO 801 2$bOCLCQ 801 2$bOCLCL 801 2$bOCLCQ 906 $aJOURNAL 912 $a9910137794503321 996 $aAddiction$9244645 997 $aUNINA